Kekasih pujaan

Bibliographic Details
Main Author: Azian Zahra
Format: Book
Published: Kuala Lumpur : NHF Media Corp , 2006
Subjects:

MARC

LEADER 00000cam a2200000 7i4500
001 0000022372
005 20080727.0
008 080726
020 |a 9833156193 
090 0 0 |a AZI   |b MAL 
100 0 |a Azian Zahra 
245 1 0 |a Kekasih pujaan   |c Azian Zahra 
260 |a Kuala Lumpur :   |b NHF Media Corp ,   |c 2006 
650 0 |a Malay fiction 
999 |a 0001036311   |b Book   |c Adult Collection   |e Perbadanan Perpustakaan Awam Johor 
999 |a 0001036313   |b Book   |c Adult Collection   |e Cawangan Urban Transformation Centre 
999 |a 0001036314   |b Book   |c Adult Collection   |e Perbadanan Perpustakaan Awam Johor 
999 |a 0001036315   |b Book   |c Adult Collection   |e Perbadanan Perpustakaan Awam Johor